[Event "FICGS theme 0001 email"]
[Site "FICGS email"]
[Date "2010.09.18"]
[Round "1"]
[White "Cherng, Cary"]
[Black "Melquiades, Jaime I"]
[Result "1-0"]
[WhiteElo "2000"]
[BlackElo "874"]
[PlyCount "39"]
[EventDate "2010.??.??"]
[EventType "swiss (corr)"]
[EventRounds "1"]
[SourceTitle "Corr 2013"]
[Source "ChessBase"]
[SourceDate "2012.11.12"]
[SourceVersion "1"]
[SourceVersionDate "2012.11.12"]
[SourceQuality "1"]

1. e4 e5 2. f4 exf4 3. Nc3 Qh4+ 4. Ke2 Nc6 5. Nf3 Nf6 6. Nxh4 Nd4+ 7. Ke1 d5 8. Nxd5 Bd6 9. Nxf6+ gxf6 10. c3 Nc6 11. d4 Bd7 12. Qh5 0-0-0 13. Nf5 Rhe8 14. Bd3 f3 15. Nxd6+ cxd6 16. gxf3 d5 17. Qxd5 Be6 18. Qc5 Bd7 19. Bf4 b6 20. Ba6# 1-0

[Event "FICGS theme 0001 email"]
[Site "FICGS email"]
[Date "2010.09.18"]
[Round "1"]
[White "Haekkinen, Jorma"]
[Black "Cherng, Cary"]
[Result "1-0"]
[WhiteElo "1274"]
[BlackElo "2000"]
[PlyCount "49"]
[EventDate "2010.??.??"]
[EventType "swiss (corr)"]
[EventRounds "1"]
[SourceTitle "Corr 2013"]
[Source "ChessBase"]
[SourceDate "2012.11.12"]
[SourceVersion "1"]
[SourceVersionDate "2012.11.12"]
[SourceQuality "1"]

1. e4 e5 2. f4 exf4 3. Nc3 Qh4+ 4. g3 fxg3 5. Ke2 Qg4+ 6. Nf3 g2 7. Rg1 gxf1Q+ 8. Qxf1 Qe6 9. d3 Ne7 10. Bg5 f6 11. Bh4 d5 12. Kd2 dxe4 13. Nxe4 Nbc6 14. a3 b6 15. Re1 Qa2 16. Nxf6+ gxf6 17. Bxf6 Rg8 18. Rxg8 Qxg8 19. Nd4 Nxd4 20. Bxd4 Bd7 21. Bf6 Qf7 22. Qf3 c6 23. b4 0-0-0 24. b5 Bh6+ 25. Kd1 1-0

[Event "FICGS class A 000069 email"]
[Site "FICGS email"]
[Date "2010.04.07"]
[Round "1"]
[White "Riha, Josef"]
[Black "Cherng, Cary"]
[Result "1-0"]
[WhiteElo "2048"]
[BlackElo "2000"]
[PlyCount "29"]
[EventDate "2010.??.??"]
[EventType "tourn (corr)"]
[EventRounds "6"]
[SourceTitle "Corr 2013"]
[Source "ChessBase"]
[SourceDate "2012.11.12"]
[SourceVersion "1"]
[SourceVersionDate "2012.11.12"]
[SourceQuality "1"]

1. e4 c5 2. Nf3 d6 3. d4 cxd4 4. Nxd4 Nf6 5. Nc3 g6 6. Be3 Bg7 7. f3 Nc6 8. Qd2 0-0 9. Bc4 Bd7 10. 0-0-0 Rc8 11. Bb3 Ne5 12. Kb1 Re8 13. h4 Nc4 14. Bxc4 Rxc4 15. g4 1-0

[Event "FICGS class B 000105 email"]
[Site "FICGS email"]
[Date "2010.04.04"]
[Round "1"]
[White "Bullerkotte, Frank"]
[Black "Cherng, Cary"]
[Result "1-0"]
[WhiteElo "1807"]
[BlackElo "2000"]
[PlyCount "23"]
[EventDate "2010.??.??"]
[EventType "tourn (corr)"]
[EventRounds "6"]
[SourceTitle "Corr 2013"]
[Source "ChessBase"]
[SourceDate "2012.11.12"]
[SourceVersion "1"]
[SourceVersionDate "2012.11.12"]
[SourceQuality "1"]

1. d4 Nf6 2. c4 g6 3. Nc3 Bg7 4. e4 d6 5. Be2 0-0 6. Nf3 e5 7. 0-0 Nc6 8. d5 Ne7 9. Nd2 c6 10. dxc6 bxc6 11. b4 d5 12. a4 1-0

[Event "FICGS class B 000105 email"]
[Site "FICGS email"]
[Date "2010.04.04"]
[Round "1"]
[White "Freeman, Thomas"]
[Black "Cherng, Cary"]
[Result "1-0"]
[WhiteElo "1910"]
[BlackElo "2000"]
[PlyCount "27"]
[EventDate "2010.??.??"]
[EventType "tourn (corr)"]
[EventRounds "6"]
[SourceTitle "Corr 2013"]
[Source "ChessBase"]
[SourceDate "2012.11.12"]
[SourceVersion "1"]
[SourceVersionDate "2012.11.12"]
[SourceQuality "1"]

1. e4 c5 2. Nf3 d6 3. Nc3 Nf6 4. e5 dxe5 5. Nxe5 Nbd7 6. Nc4 e6 7. d4 cxd4 8. Qxd4 Bc5 9. Nd6+ Ke7 10. Nxc8+ Rxc8 11. Qh4 Qb6 12. Be2 Rhd8 13. 0-0 Kf8 14. Na4 1-0

[Event "FICGS rapid A 000080 email"]
[Site "FICGS email"]
[Date "2010.04.02"]
[Round "1"]
[White "Cherng, Cary"]
[Black "Dineen, Thomas"]
[Result "0-1"]
[WhiteElo "2000"]
[BlackElo "2061"]
[PlyCount "32"]
[EventDate "2010.??.??"]
[EventType "tourn (rapid)"]
[EventRounds "6"]
[SourceTitle "Corr 2013"]
[Source "ChessBase"]
[SourceDate "2012.11.12"]
[SourceVersion "1"]
[SourceVersionDate "2012.11.12"]
[SourceQuality "1"]

1. e4 e6 2. d4 d5 3. Nc3 Nf6 4. e5 Nfd7 5. f4 c5 6. Nf3 Nc6 7. Be3 Qb6 8. Na4 Qa5+ 9. c3 c4 10. b4 Qc7 11. Be2 Be7 12. 0-0 0-0 13. Qc2 b5 14. Nc5 a5 15. a3 Nxc5 16. bxc5 Bd7 0-1

[Event "FICGS class A 000068 email"]
[Site "FICGS email"]
[Date "2010.04.01"]
[Round "1"]
[White "Cherng, Cary"]
[Black "Maceda, Coco"]
[Result "0-1"]
[WhiteElo "2000"]
[BlackElo "2007"]
[PlyCount "34"]
[EventDate "2010.??.??"]
[EventType "tourn (corr)"]
[EventRounds "6"]
[SourceTitle "Corr 2013"]
[Source "ChessBase"]
[SourceDate "2012.11.12"]
[SourceVersion "1"]
[SourceVersionDate "2012.11.12"]
[SourceQuality "1"]

1. e4 c5 2. Nf3 d6 3. d4 cxd4 4. Nxd4 Nf6 5. Nc3 a6 6. Be3 e5 7. Nb3 Be6 8. f3 Be7 9. Qd2 0-0 10. 0-0-0 Nbd7 11. g4 b5 12. g5 b4 13. Ne2 Ne8 14. h4 a5 15. Kb1 a4 16. Nbc1 Nb6 17. Ng3 d5 0-1